000 01507cam a22004334i 4500
003 PE-LiUPU
005 20250731173202.0
008 150625s r 000 0 d
035 _a(Sirsi) a30287
040 _aPE-LiUPU
_bspa
_cPE-LiUPU
_erda
082 0 4 _a205
_bBUL
_221
100 1 _aTasini, Giovanni Paolo,
_eautor.
245 1 0 _aEn el Principio /
_cGiovanni Paolo Tasini ; [traducción castellana de Ramón Alfonso Díez].
264 1 _aBilbao :
_bDescle de Brouwer,
_c1994.
300 _a174 páginas ;
_c19 cm.
336 _atext
_2rdacontent
337 _aunmediated
_2rdamedia
338 _avolume
_2rdacarrier
490 0 _aBiblioteca Catecumenal
505 0 _a1. El midrás. -Naturaleza, marco y finalidad del presente volumén. -Los contenidos doctrinales de esta selección.
526 _aSEG42
526 _aSEG41
526 _aSEG40
526 _aSEG39
526 _aP94
526 _aP87
526 _aP86
526 _aP85
526 _aP77
526 _aP76
526 _aP35
630 _aBiblia.
_pA.T.
_xCrítica e interpretación .
910 _a
942 _2ddc
_cBOOK
949 _a205 BC 39
_wDEWEY
_c1
_i37126
_lCCODEBUL1
_mBUL
_p00.00
_r0
_sY
_tBOOK
_u2015-06-25
_xBIBLIOTECA
_zUNKNOWN
_0COMPRA
_o.STAFF. Colección General
596 _a1
999 _a205 BC 39
_wDEWEY
_c37726
_i37126
_f2021-11-11
_g5
_lCCODEBUL1
_mBUL
_r0
_sY
_tBOOK
_u2015-6-25
_xTEOLOGIA
_zUNKNOWN
_0COMPRA
_o.STAFF. Colección General
_d37726
980 _81
_gALBERTO SANCHEZ Responsable de Automatización